Geografía 5es : sociedad y economía en la argentina actual /

Guardado en:
Autor Principal: Domínguez Roca, Luis
Otros Autores: González, Silvia, García, Carolina, Alvarado Quetgles, Raquel, Apaolaza, Ricardo, Stratta, Fernando, Sabanes, Víctor, coord.
Formato: Libro
Publicado: Buenos Aires : Estrada, 2011
Series:Huellas
Materias:
Etiquetas: Agregar Etiqueta
Sin Etiquetas, Sea el primero en etiquetar este registro!
LEADER 01709nam a22003375a 4500
001 CEM.cems013695
005 20120615125821.0
008 130507s2011##################000#0#####d
003 CEMS
020 |a 9789500113564 
082 0 4 |a Z330.982 
100 1 |a Domínguez Roca, Luis 
245 1 0 |a Geografía 5es :  |b sociedad y economía en la argentina actual /  |c Luis Domínguez Roca . . . [et Al.]; coordinación Del área de Ciencias Sociales: Víctor Sabanes 
260 |a Buenos Aires :  |b Estrada,  |c 2011 
300 |a 240 p. 
490 0 |a Huellas 
500 |a Para 5to. año de la enseñanza secundaria.- 
505 0 |a La Argentina en el mundo actual -- Los procesos productivos agropecuarios y agroindustriales -- Los recursos energéticos -- La concentración de industrias y servicios -- Las consecuencias de las políticas neoliberales -- Los bienes comunes: suelos y bosques -- La problemática del agua en la Argentina -- Las desigualdades sociales en Argentina -- La formación y el crecimiento del sistema urbano -- Las transformaciones urbanas en el período neoliberal -- Los movimientos sociales urbanos.- 
653 |a Geografía 
653 |a Geografía argentina 
653 |a Geografía económica argentina 
653 |a Geografía 5 es 
700 1 |a González, Silvia 
700 1 |a García, Carolina 
700 1 |a Alvarado Quetgles, Raquel 
700 1 |a Apaolaza, Ricardo 
700 1 |a Stratta, Fernando 
700 1 |a Sabanes, Víctor, coord. 
859 |a CEMS  |b BIB. CEMS - 11 de abril  |h Z330.982  |i D713  |p 26401.12  |t Ej.1  |v 5  |3 5 
859 |a CEMS  |b BIB. CEMS - 11 de abril  |h Z330.982  |i D713  |p 26402.12  |t Ej.2  |v 5  |3 5 
859 |a CEMS  |b BIB. CEMS - 11 de abril  |h Z330.982  |i D713  |p 26403.12  |t Ej.3  |v 5  |3 5